000 00449cam a2200181ua 4500
001 2889
008 110913n ii |||gr||||Z||||||asm
040 _cMAIN
082 _a920
100 1 _aDas, Babul,
_eEditor.
245 1 1 _aJyotir sannidhyat
_ced. by Babul Das
250 _a1st.
260 _aGuahati:
_bKamala Prakash,989.
300 _a287p:
_c23cm.
653 _aAssamese Biography
653 _aBiography of Jyotir sannidhyat
942 _cBK
999 _c2738
_d2738